000 00696nam a2200265Ia 4500
005 20250117103624.0
008 008 250103s9999 xx 000 0 eng d
020 _a9781119239406
037 _aTextual
040 _aCSL
_beng
_cCSL
041 _aeng
_2eng
084 _aG:5 Q8
_qCSL
100 _aMoss, Brian
_9467006
245 0 _aEcology of freshwaters
_cMoss, Brian
250 _a5th
260 _aWest Sessex
_b Wiley
_c2018
300 _axiv, 544p. col. ill.
650 _a Floodplains
_9734273
650 _a Lakes
_9734274
650 _a Rich systems
_9734275
650 _a Water
650 _aZoology
942 _cTEXL
_hG:5 Q8
999 _c1237905
_d1237905